Aliança de civilitzacions : informe del Grup d'Alt Nivell : 13 de novembre de 2006 informe del Grup d'Alt Nivell :
Descripción Física:
III, 53 p. ; 26 cm
MARC
| LEADER | 00000nam a2200000Ia 4500 | ||
|---|---|---|---|
| 001 | 24215 | ||
| 003 | BGR | ||
| 005 | 20260324180603.0 | ||
| 008 | 160829s2007 xx 000 0 cat d | ||
| 080 | |a Bib-192 | ||
| 110 | 2 | |a Nacions Unides |9 53449 |b Grup d'Alt Nivell Aliança de Civilitzacions | |
| 245 | |a Aliança de civilitzacions : |b informe del Grup d'Alt Nivell : |b 13 de novembre de 2006 | ||
| 260 | |a Nova York : |b Nacions Unides ; Barcelona : |b Fundació Cultura de Pau, |c 2007 | ||
| 300 | |a III, 53 p. ; |c 26 cm | ||
| 650 | 0 | |a Drets humans |9 40200 | |
| 650 | |a Pau |9 49353 | ||
| 710 | 2 | |a Fundació Cultura de Pau |9 70985 | |
| 856 | |u www.unaoc.org | ||
| 901 | |a Arxiu | ||
| 942 | |n 1 |2 udc |c MON | ||
| 952 | |0 0 |1 0 |4 0 |6 BIB192 |7 1 |9 55278 |a Arxiu |b Arxiu |d 2016-12-01 |l 0 |o Bib-192 |p 24215 |r 2016-12-01 00:00:00 |w 2016-12-01 |y ARXIU | ||
| 999 | |c 59151 |d 59151 | ||